000 00461nam a2200157 i 4500
001 21349
003 ES-MaACL
005 20230906152449.0
007 t|
008 021125q1947 sp ||||1| spa d
245 0 0 _aAlbergues de carretera.
260 _a[Madrid] :
_bDirección General de Turismo,
_c1947? (
_fFaure)
300 _a8 h. :
_bil. ;
_c23 cm.
710 1 _aEspaña.
_bDirección General de Turismo.
_9172729
852 _aES-MaACL
_j1877-F-10
_bR.24487
999 _c21349
_d21349